000 00305nam a22001337a 4500
008 190226b xxu||||| |||| 00| 0 eng d
020 _a0877544441
041 _aeng
080 _a821
100 _a21
101 _aGJL
245 _aIntroductory essay on leadership
_cSchlesinger,A.M
942 _2udc
_cBK
999 _c54297
_d54297